MARC details
| 000 -CABECERA |
| campo de control de longitud fija |
02388nam a22003497a 4500 |
| 003 - IDENTIFICADOR DEL NÚMERO DE CONTROL |
| campo de control |
DO-SdBNP |
| 005 - FECHA Y HORA DE LA ÚLTIMA TRANSACCIÓN |
| campo de control |
20220316112702.0 |
| 007 - CAMPO FIJO DE DESCRIPCIÓN FÍSICA--INFORMACIÓN GENERAL |
| campo de control de longitud fija |
ta |
| 008 - DATOS DE LONGITUD FIJA--INFORMACIÓN GENERAL |
| campo de control de longitud fija |
220207b19761974 a|||| |||| 001 0 spa d |
| 040 ## - FUENTE DE LA CATALOGACIÓN |
| Centro catalogador/agencia de origen |
DO-SdBNP |
| Lengua de catalogación |
spa |
| Centro/agencia transcriptor |
BNPHU |
| 082 #4 - NÚMERO DE LA CLASIFICACIÓN DECIMAL DEWEY |
| Número de clasificación |
370.15 |
| Número de documento/Ítem |
G448p |
| Número de edición |
22 |
| 100 1# - ENTRADA PRINCIPAL--NOMBRE DE PERSONA |
| Nombre de persona |
Gibson, Janice T. |
| 9 (RLIN) |
81160 |
| 240 ## - TÍTULO UNIFORME |
| Título uniforme |
Educational psychology |
| 245 10 - MENCIÓN DE TÍTULO |
| Título |
Psicología educativa : |
| Resto del título |
texto programado / |
| Mención de responsabilidad, etc. |
Janice T. Gibson, traducción, Jorge Brash. |
| 260 ## - PUBLICACIÓN, DISTRIBUCIÓN, ETC. |
| Lugar de publicación, distribución, etc. |
México , D.F. : |
| Nombre del editor, distribuidor, etc. |
Trillas, |
| Fecha de publicación, distribución, etc. |
1976. |
| 300 ## - DESCRIPCIÓN FÍSICA |
| Extensión |
398 p. : |
| Otras características físicas |
il. ; |
| Dimensiones |
23 cm. |
| 490 1# - MENCIÓN DE SERIE |
| Mención de serie |
Biblioteca técnica de psicología |
| 500 ## - NOTA GENERAL |
| Nota general |
Incluye índices |
| 505 0# - NOTA DE CONTENIDO CON FORMATO |
| Nota de contenido con formato |
Primera parte : Acerca de este libro. |
| Título |
1. Lo que la psicología educativa aporta al maestro -- |
| -- |
Lecturas complementarias. |
| 505 0# - NOTA DE CONTENIDO CON FORMATO |
| Nota de contenido con formato |
Segunda parte : Herramientas de investigación del científico de la conducta |
| Título |
2. Reunión de datos : métodos para estudiar la conducta humana -- |
| -- |
Referencias bibliográficas. |
| -- |
3. Interpretación de datos : promedios y medidas de dispersión -- |
| -- |
Referencias bibliográficas. |
| -- |
4. Interpretación de datos . métodos de correción -- |
| -- |
Referencias bibliográficas. |
| -- |
5. Evaluación de la conducta -- |
| -- |
Referencias bibliográficas. |
| 505 0# - NOTA DE CONTENIDO CON FORMATO |
| Nota de contenido con formato |
Tercera parte : Pensamiento y comprensión |
| Título |
6. La inteligencia y el coeficiente de inteligencia -- |
| -- |
Referencias bibliográficas. |
| -- |
Lecturas complementarias. |
| -- |
7. El enfoque de Piaget del desarrollo mental -- |
| -- |
Referencias bibliográficas. |
| -- |
Lecturas complementarias. |
| 505 0# - NOTA DE CONTENIDO CON FORMATO |
| Nota de contenido con formato |
Cuarta parte : Crecimiento y desarrollo |
| Título |
8. El niño en edad preescolar -- |
| -- |
Referencias bibliográficas. |
| -- |
9. El niño en la escuela -- |
| -- |
Lecturas complementarias. |
| 505 0# - NOTA DE CONTENIDO CON FORMATO |
| Nota de contenido con formato |
Quinta parte : Aprendizaje |
| Título |
10. Condicionamiento -- |
| -- |
Referencias bibliográficas. |
| -- |
11. Motivación -- |
| -- |
Referencias bibliográficas. |
| -- |
Lecturas complementarias. |
| 505 0# - NOTA DE CONTENIDO CON FORMATO |
| Nota de contenido con formato |
Sexta parte : Teorías de la enseñanza |
| Título |
12. Aumento de la eficiencia de la enseñanza -- |
| -- |
Referencias bibliográficas. |
| 505 ## - NOTA DE CONTENIDO CON FORMATO |
| Nota de contenido con formato |
13. Incremento de la flexibilidad del aoprendizaje |
| Título |
Referencias bibliográficas. |
| -- |
Lecturas complementarias. |
| -- |
índice de autores |
| -- |
Indice alfabético |
| 590 ## - NOTA LOCAL (RLIN) |
| Nota local |
Inventariado, 2022 / SA |
| 650 #4 - PUNTO DE ACCESO ADICIONAL DE MATERIA--TÉRMINO DE MATERIA |
| Término de materia o nombre geográfico como elemento de entrada |
Psicopedagogía |
| 700 1# - PUNTO DE ACCESO ADICIONAL--NOMBRE DE PERSONA |
| 9 (RLIN) |
47698 |
| Nombre de persona |
Brash, Jorge |
| Término indicativo de función/relación |
tr. |
| 830 #0 - PUNTO DE ACCESO ADICIONAL DE SERIE-TÍTULO UNIFORME |
| Título uniforme |
Biblioteca técnica de psicología |
| 9 (RLIN) |
15107 |
| 910 ## - DATOS DE OPCIÓN DEL USUARIO (OCLC) |
| Datos de opción del usuario |
Saquino/Validado. Control de calidad MFF |
| 942 ## - ELEMENTOS DE PUNTO DE ACCESO ADICIONAL (KOHA) |
| Fuente del sistema de clasificación o colocación |
Dewey Decimal Classification |
| Tipo de ítem Koha |
Libro |